000 01639nam a22003854a 4500
001 ebr10234750
003 CaPaEBR
006 m u
007 cr cn|||||||||
008 051130s2006 ne sb 101 0 eng
010 _z 2005057163
020 _z9004149384 (alk. paper)
040 _aCaPaEBR
_cCaPaEBR
035 _a(OCoLC)319492670
041 0 _aeng
_ager
050 1 4 _aBP172
_b.E535 2006eb
082 0 4 _a261.2/709021
_222
245 0 4 _aThe encounter of Eastern Christianity with early Islam
_h[electronic resource] /
_cedited by Emmanouela Grypeou, Mark Swanson, and David Thomas.
260 _aLeiden ;
_aBoston :
_bBrill,
_c2006.
300 _avi, 338 p.
490 1 _aThe history of Christian-Muslim relations,
_x1570-7350 ;
_vv. 5
500 _aPapers from a workshop held in June 2003 in Erfurt, Germany.
504 _aIncludes bibliographical references (p. 312-330) and index.
533 _aElectronic reproduction.
_bPalo Alto, Calif. :
_cebrary,
_d2013.
_nAvailable via World Wide Web.
_nAccess may be limited to ebrary affiliated libraries.
546 _aEnglish and German.
650 0 _aIslam
_xRelations
_xChristianity
_vCongresses.
650 0 _aChristianity and other religions
_xIslam
_vCongresses.
655 7 _aElectronic books.
_2local
700 1 _aGrypeou, Emmanouela.
700 1 _aSwanson, Mark
_q(Mark N.)
700 1 _aThomas, David
_q(David Richard),
_d1948-
710 2 _aebrary, Inc.
830 0 _aHistory of Christian-Muslim relations ;
_vv. 5.
856 4 0 _uhttp://site.ebrary.com/lib/rucke/Doc?id=10234750
_zAn electronic book accessible through the World Wide Web; click to view
999 _c38290
_d38290